000 00894nam a22002177a 4500
005 20260424093242.0
008 260424b |||||||| |||| 00| 0 eng d
020 _a9789383171453 (pbk)
037 _cTB
040 _aCRL
_cCRL
041 _2hin
_ahin
084 _aO152,1NUT(L45:424C)x R1
_qCRL
100 _aउतकर, नामदेव 'नान्देड़ी'
_91235556
245 _aकोरोना तथा अन्य कविताएँ
260 _aकानपुर, भारत:
_bपूजा पब्लिकेशन्स,
_c2021.
300 _a63पृ.
650 _aहिन्दी कविता
650 _aहिन्दी साहित्य
942 _2CC
_cTB
_hO152,1NUT(L45:424C)x R1
_n0
999 _c1848478
_d1848478